00269nam a2200109 a 4500008004100000050001500041100004000056245003300096250001200129260000900141350000900150120416s1964 xx |||||||||||||| || u aNA 260 Rob aRobertson, Donald Struan, 1885-196110aGreek and Roman Architecture a2nd ed. c1964 a0.00